Normal view
MARC view
Entry Topical Term
001 - CONTROL NUMBER
- control field: 5830
003 - CONTROL NUMBER IDENTIFIER
- control field: BD-RjUL
005 - DATE AND TIME OF LATEST TRANSACTION
- control field: 20221114114931.0
008 - FIXED-LENGTH DATA ELEMENTS
- fixed length control field: 221114|| aca||aabn | a|a d
040 ## - CATALOGING SOURCE
- Original cataloging agency: BD-RjUL
- Transcribing agency: BD-RjUL
150 ## - HEADING--TOPICAL TERM
- Topical term or geographic name entry element: Police
- General subdivision: Bangladesh
- Chronological subdivision: Liberation war 1971
670 ## - SOURCE DATA FOUND
- Source citation: Work cat.: (BD-RjUL)80769: মুক্তিযুদ্ধে রাজশাহী পুলিশ /, ২০২২